000 00546nam a22001937a 4500
005 20251108173426.0
008 250721s2001 xx 000 0 ara d
020 _a9772726556
082 1 4 _aط/597.96/لما
100 1 _aلماضة، عاطف
245 1 0 _aالثعبان /
264 1 _aطنطا :
_bدار الصحابة،
_c2001.
300 _a16ص
490 0 _aعالم الحيوان في القرآن الكريم\n
650 1 7 _aالقرآن الكريم
650 1 7 _aالثعابين
942 _2ddc
_cBK
999 _c103573
_d103573